000 00509pab a2200145 454500
008 180718b xxu||||| |||| 00| 0 eng d
100 _aEmmert Mark A.
245 _aPublic sector professionals: the effects of public sector jobs on motivation, job satisfaction and work involvement
362 _a22(1), Mar 1992, p.37-48
650 _a Public Sector
650 _aGovernment Business Enterprises -- Professions
700 _aTaher Walied
773 _aAmerican Review of Public Administration
909 _a27331
999 _c27331
_d27331